000 00693nam a2200289Ia 4500
005 20260324133626.0
008 008 260324s9999 xx 000 0 eng d
020 _a9781315198330
037 _aEBOOK
040 _aCRL
040 _beng
040 _cCRL
041 _2eng
041 _aeng
084 _qCRL
100 _aMark Potter
_91193783
245 0 _aCorps and Clienteles
245 0 _bPublic Finance and Political Change in France, 1688-1715
260 _bTaylor and Francis
260 _c2003
365 _a
365 _b170
856 _uhttp://www.taylorfrancis.com/books/9781315198330
942 _cEBOOK
999 _c1793035
_d1793035